[Event "DEM U12 2024"]
[Site "Willingen GER"]
[Date "2024.05.23"]
[Round "7"]
[White "Nezhyvenko, Mykhaylo"]
[Black "Junge, Mattheo Gabriel"]
[Result "1/2-1/2"]
[Termination "normal"]
[Board "1"]
[WhiteElo "2077"]
[BlackElo "1824"]
[WhiteClock "00:02:29"]
[BlackClock "00:09:41"]
[PlyCount "152"]
[WhiteFideId "34139885"]
[BlackFideId "34605908"]
[EventCountry "GER"]
[EventRounds "9"]
[EventType "swiss"]
[EventDate "2024.05.18"]

1. e4 {[%clk 01:30:44]} {[%emt 00:00:15]} c6 {[%clk 01:30:49]} {[%emt
00:00:12]} 2. d4 {[%clk 01:30:24]} {[%emt 00:00:49]} d5 {[%clk 01:31:02]}
{[%emt 00:00:18]} 3. Nc3 {[%clk 01:30:08]} {[%emt 00:00:45]} dxe4 {[%clk
01:31:23]} {[%emt 00:00:10]} 4. Nxe4 {[%clk 01:29:39]} {[%emt 00:00:58]} Bf5
{[%clk 01:31:04]} {[%emt 00:00:48]} 5. Ng3 {[%clk 01:28:33]} {[%emt 00:01:38]}
Bg6 {[%clk 01:31:27]} {[%emt 00:00:07]} 6. Nf3 {[%clk 01:27:45]} {[%emt
00:01:17]} Nd7 {[%clk 01:31:20]} {[%emt 00:00:37]} 7. Nh4 {[%clk 01:25:40]}
{[%emt 00:02:34]} e6 {[%clk 01:29:11]} {[%emt 00:02:40]} 8. Nxg6 {[%clk
01:25:57]} {[%emt 00:00:12]} hxg6 {[%clk 01:29:36]} {[%emt 00:00:05]} 9. Bd3
{[%clk 01:22:08]} {[%emt 00:04:19]} Qc7 {[%clk 01:28:03]} {[%emt 00:02:03]} 10.
h3 {[%clk 01:19:45]} {[%emt 00:02:54]} Ngf6 {[%clk 01:28:02]} {[%emt 00:00:31]}
11. O-O {[%clk 01:16:14]} {[%emt 00:04:01]} Bd6 {[%clk 01:25:35]} {[%emt
00:02:57]} 12. Ne4 {[%clk 01:14:01]} {[%emt 00:02:43]} Nxe4 {[%clk 01:24:37]}
{[%emt 00:01:28]} 13. Bxe4 {[%clk 01:14:28]} {[%emt 00:00:04]} Nf6 {[%clk
01:19:20]} {[%emt 00:05:47]} 14. Bf3 {[%clk 01:01:37]} {[%emt 00:13:21]} O-O
{[%clk 01:12:42]} {[%emt 00:07:07]} 15. Qe2 {[%clk 00:55:59]} {[%emt 00:06:08]}
Rad8 {[%clk 01:03:43]} {[%emt 00:09:29]} 16. c3 {[%clk 00:54:14]} {[%emt
00:02:16]} Bh2+ {[%clk 00:57:24]} {[%emt 00:06:47]} 17. Kh1 {[%clk 00:54:32]}
{[%emt 00:00:13]} Bf4 {[%clk 00:57:46]} {[%emt 00:00:07]} 18. Bxf4 {[%clk
00:52:36]} {[%emt 00:02:27]} Qxf4 {[%clk 00:58:06]} {[%emt 00:00:10]} 19. g3
{[%clk 00:52:50]} {[%emt 00:00:16]} Qc7 {[%clk 00:58:21]} {[%emt 00:00:14]} 20.
Kg2 {[%clk 00:52:16]} {[%emt 00:01:05]} Rfe8 {[%clk 00:57:35]} {[%emt
00:01:16]} 21. Rae1 {[%clk 00:49:58]} {[%emt 00:02:48]} Rd7 {[%clk 00:55:58]}
{[%emt 00:02:06]} 22. h4 {[%clk 00:45:09]} {[%emt 00:05:21]} Rde7 {[%clk
00:54:36]} {[%emt 00:01:51]} 23. Qc2 {[%clk 00:42:23]} {[%emt 00:03:17]} e5
{[%clk 00:45:33]} {[%emt 00:09:32]} 24. dxe5 {[%clk 00:42:37]} {[%emt
00:00:16]} Rxe5 {[%clk 00:45:47]} {[%emt 00:00:16]} 25. Rxe5 {[%clk 00:42:46]}
{[%emt 00:00:21]} Qxe5 {[%clk 00:45:49]} {[%emt 00:00:28]} 26. Rd1 {[%clk
00:39:50]} {[%emt 00:03:25]} Qa5 {[%clk 00:43:20]} {[%emt 00:02:56]} 27. a4
{[%clk 00:38:52]} {[%emt 00:01:32]} Qe5 {[%clk 00:38:48]} {[%emt 00:05:01]} 28.
Qb3 {[%clk 00:37:38]} {[%emt 00:01:45]} Qc7 {[%clk 00:35:46]} {[%emt 00:03:31]}
29. Qb4 {[%clk 00:28:53]} {[%emt 00:09:15]} Re6 {[%clk 00:28:57]} {[%emt
00:07:19]} 30. Qd4 {[%clk 00:27:54]} {[%emt 00:01:30]} a6 {[%clk 00:26:03]}
{[%emt 00:03:24]} 31. b4 {[%clk 00:25:28]} {[%emt 00:02:56]} Re7 {[%clk
00:24:44]} {[%emt 00:01:48]} 32. Qc4 {[%clk 00:21:19]} {[%emt 00:04:40]} Rd7
{[%clk 00:23:52]} {[%emt 00:01:21]} 33. Re1 {[%clk 00:19:17]} {[%emt 00:02:34]}
Re7 {[%clk 00:22:44]} {[%emt 00:01:37]} 34. Rb1 {[%clk 00:16:37]} {[%emt
00:03:10]} Rd7 {[%clk 00:20:31]} {[%emt 00:02:43]} 35. Qc5 {[%clk 00:15:06]}
{[%emt 00:02:00]} Re7 {[%clk 00:14:28]} {[%emt 00:06:33]} 36. Rd1 {[%clk
00:12:35]} {[%emt 00:03:02]} Rd7 {[%clk 00:14:28]} {[%emt 00:00:30]} 37. Re1
{[%clk 00:12:58]} {[%emt 00:00:06]} Qd6 {[%clk 00:09:08]} {[%emt 00:05:50]} 38.
Qa7 {[%clk 00:10:34]} {[%emt 00:02:55]} Qc7 {[%clk 00:08:44]} {[%emt 00:00:55]}
39. c4 {[%clk 00:08:30]} {[%emt 00:02:33]} Re7 {[%clk 00:07:28]} {[%emt
00:01:46]} 40. Rxe7 {[%clk 00:08:00]} {[%emt 00:01:00]} Qxe7 {[%clk 00:07:53]}
{[%emt 00:00:05]} 41. Bxc6 {[%clk 00:07:53]} {[%emt 00:00:38]} Qxb4 {[%clk
00:07:58]} {[%emt 00:00:24]} 42. Bxb7 {[%clk 00:08:14]} {[%emt 00:00:09]} Qxa4
{[%clk 00:04:04]} {[%emt 00:04:24]} 43. Qxa6 {[%clk 00:08:21]} {[%emt
00:00:24]} Qxa6 {[%clk 00:04:04]} {[%emt 00:00:30]} 44. Bxa6 {[%clk 00:08:49]}
Nd7 {[%clk 00:04:20]} {[%emt 00:00:13]} 45. Bb7 {[%clk 00:07:07]} {[%emt
00:02:13]} Kf8 {[%clk 00:04:28]} {[%emt 00:00:22]} 46. Bd5 {[%clk 00:06:18]}
{[%emt 00:01:19]} Ke7 {[%clk 00:04:49]} {[%emt 00:00:09]} 47. Kf3 {[%clk
00:06:37]} {[%emt 00:00:10]} f6 {[%clk 00:04:58]} {[%emt 00:00:22]} 48. Ke3
{[%clk 00:06:30]} {[%emt 00:00:36]} Kd6 {[%clk 00:04:47]} {[%emt 00:00:41]} 49.
Kd4 {[%clk 00:06:56]} {[%emt 00:00:05]} Nc5 {[%clk 00:03:53]} {[%emt 00:01:24]}
50. Ke3 {[%clk 00:24:32]} {[%emt 00:12:53]} g5 {[%clk 00:32:14]} {[%emt
00:02:10]} 51. h5 {[%clk 00:23:40]} {[%emt 00:01:22]} Ke5 {[%clk 00:27:52]}
{[%emt 00:04:51]} 52. Kd2 {[%clk 00:20:48]} {[%emt 00:03:22]} f5 {[%clk
00:25:33]} {[%emt 00:02:50]} 53. Kc3 {[%clk 00:19:45]} {[%emt 00:01:32]} f4
{[%clk 00:25:35]} {[%emt 00:00:29]} 54. g4 {[%clk 00:18:47]} {[%emt 00:01:28]}
Nd7 {[%clk 00:23:45]} {[%emt 00:02:19]} 55. f3 {[%clk 00:15:30]} {[%emt
00:03:45]} Nc5 {[%clk 00:23:03]} {[%emt 00:01:14]} 56. Kb4 {[%clk 00:15:38]}
{[%emt 00:00:23]} Kd6 {[%clk 00:23:11]} {[%emt 00:00:22]} 57. Kb5 {[%clk
00:14:04]} {[%emt 00:02:04]} Nd7 {[%clk 00:23:03]} {[%emt 00:00:38]} 58. Ba8
{[%clk 00:13:19]} {[%emt 00:01:15]} Nc5 {[%clk 00:22:54]} {[%emt 00:00:39]} 59.
Bc6 {[%clk 00:13:22]} {[%emt 00:00:27]} Nd3 {[%clk 00:22:56]} {[%emt 00:00:26]}
60. Kb6 {[%clk 00:13:26]} {[%emt 00:00:26]} Nc5 {[%clk 00:22:31]} {[%emt
00:00:57]} 61. Bd5 {[%clk 00:12:54]} {[%emt 00:01:02]} Nd3 {[%clk 00:21:28]}
{[%emt 00:01:32]} 62. Kb7 {[%clk 00:12:35]} {[%emt 00:00:50]} Kd7 {[%clk
00:21:44]} {[%emt 00:00:14]} 63. Kb6 {[%clk 00:12:05]} {[%emt 00:01:00]} Kd6
{[%clk 00:22:09]} {[%emt 00:00:05]} 64. Be4 {[%clk 00:12:28]} {[%emt 00:00:07]}
Nc5 {[%clk 00:22:30]} {[%emt 00:00:10]} 65. Bf5 {[%clk 00:11:46]} {[%emt
00:01:12]} Nb3 {[%clk 00:22:10]} {[%emt 00:00:48]} 66. Kb7 {[%clk 00:09:47]}
{[%emt 00:02:30]} Nd2 {[%clk 00:14:05]} {[%emt 00:08:35]} 67. Bd3 {[%clk
00:06:30]} {[%emt 00:03:47]} Nxf3 {[%clk 00:14:19]} {[%emt 00:00:15]} 68. Kb6
{[%clk 00:06:56]} {[%emt 00:00:05]} Nd4 {[%clk 00:11:45]} {[%emt 00:03:03]} 69.
c5 {[%clk 00:01:41]} {[%emt 00:05:46]} Kd5 {[%clk 00:12:05]} {[%emt 00:00:09]}
70. Be2 {[%clk 00:00:54]} {[%emt 00:01:18]} Nxe2 {[%clk 00:08:30]} {[%emt
00:04:05]} 71. c6 {[%clk 00:01:23]} f3 {[%clk 00:08:53]} {[%emt 00:00:07]} 72.
c7 {[%clk 00:01:52]} {[%emt 00:00:01]} f2 {[%clk 00:09:15]} {[%emt 00:00:08]}
73. c8=Q {[%clk 00:02:21]} {[%emt 00:00:01]} f1=Q {[%clk 00:09:36]} {[%emt
00:00:09]} 74. Qd7+ {[%clk 00:02:31]} {[%emt 00:00:19]} Ke4 {[%clk 00:09:57]}
{[%emt 00:00:09]} 75. Qxg7 {[%clk 00:02:45]} {[%emt 00:00:17]} Qg1+ {[%clk
00:09:41]} {[%emt 00:00:45]} 76. Kb7 {[%clk 00:02:29]} {[%emt 00:00:46]} Qb1+
{[%emt 00:02:35]} 1/2-1/2

[Event "DEM U12 2024"]
[Site "Willingen GER"]
[Date "2024.05.24"]
[Round "8"]
[White "Junge, Mattheo Gabriel"]
[Black "Marynychenko, Yehor"]
[Result "0-1"]
[Termination "normal"]
[Board "2"]
[WhiteElo "1824"]
[BlackElo "1898"]
[WhiteClock "00:23:26"]
[BlackClock "00:44:54"]
[PlyCount "128"]
[WhiteFideId "34605908"]
[BlackFideId "34160558"]
[EventCountry "GER"]
[EventRounds "9"]
[EventType "swiss"]
[EventDate "2024.05.18"]

1. e4 {[%clk 01:30:43]} {[%emt 00:00:16]} c5 {[%clk 01:30:53]} {[%emt
00:00:07]} 2. Nf3 {[%clk 01:31:00]} {[%emt 00:00:12]} Nc6 {[%clk 01:31:19]}
{[%emt 00:00:05]} 3. Bb5 {[%clk 01:31:23]} {[%emt 00:00:07]} Nd4 {[%clk
01:30:32]} {[%emt 00:01:18]} 4. Nxd4 {[%clk 01:30:46]} {[%emt 00:01:07]} cxd4
{[%clk 01:31:00]} {[%emt 00:00:02]} 5. O-O {[%clk 01:30:17]} {[%emt 00:00:57]}
a6 {[%clk 01:30:51]} {[%emt 00:00:41]} 6. Bc4 {[%clk 01:29:15]} {[%emt
00:01:31]} e6 {[%clk 01:31:06]} {[%emt 00:00:15]} 7. d3 {[%clk 01:27:38]}
{[%emt 00:02:07]} d6 {[%clk 01:27:24]} {[%emt 00:04:12]} 8. a4 {[%clk
01:27:43]} {[%emt 00:00:25]} Nf6 {[%clk 01:26:27]} {[%emt 00:01:26]} 9. Bb3
{[%clk 01:26:55]} {[%emt 00:01:19]} Be7 {[%clk 01:25:56]} {[%emt 00:01:01]} 10.
f4 {[%clk 01:23:14]} {[%emt 00:04:10]} O-O {[%clk 01:22:19]} {[%emt 00:04:08]}
11. Nd2 {[%clk 01:22:59]} {[%emt 00:00:45]} Nd7 {[%clk 01:11:17]} {[%emt
00:11:32]} 12. Nf3 {[%clk 01:21:41]} {[%emt 00:01:48]} Bf6 {[%clk 01:10:51]}
{[%emt 00:00:56]} 13. a5 {[%clk 01:15:57]} {[%emt 00:06:15]} Nc5 {[%clk
01:08:54]} {[%emt 00:02:27]} 14. Bd2 {[%clk 01:12:18]} {[%emt 00:04:07]} Nxb3
{[%clk 01:08:18]} {[%emt 00:01:07]} 15. cxb3 {[%clk 01:12:44]} {[%emt
00:00:05]} Bd7 {[%clk 01:02:10]} {[%emt 00:06:38]} 16. Bb4 {[%clk 01:10:46]}
{[%emt 00:02:27]} Bb5 {[%clk 01:02:00]} {[%emt 00:00:40]} 17. Kh1 {[%clk
01:08:18]} {[%emt 00:02:57]} Re8 {[%clk 01:00:41]} {[%emt 00:01:51]} 18. e5
{[%clk 01:04:59]} {[%emt 00:03:47]} dxe5 {[%clk 00:58:58]} {[%emt 00:02:13]}
19. fxe5 {[%clk 01:05:25]} {[%emt 00:00:05]} Be7 {[%clk 00:59:19]} {[%emt
00:00:09]} 20. Bxe7 {[%clk 01:05:09]} {[%emt 00:00:46]} Rxe7 {[%clk 00:59:36]}
{[%emt 00:00:13]} 21. Qe2 {[%clk 01:00:31]} {[%emt 00:05:09]} Qd5 {[%clk
00:57:12]} {[%emt 00:02:53]} 22. Nd2 {[%clk 01:00:21]} {[%emt 00:00:40]} Bc6
{[%clk 00:53:20]} {[%emt 00:04:21]} 23. Nc4 {[%clk 00:54:05]} {[%emt 00:06:47]}
Rf8 {[%clk 00:48:20]} {[%emt 00:05:30]} 24. Rf4 {[%clk 00:49:55]} {[%emt
00:04:38]} f5 {[%clk 00:43:21]} {[%emt 00:05:31]} 25. exf6 {[%clk 00:44:11]}
{[%emt 00:06:14]} gxf6 {[%clk 00:43:46]} {[%emt 00:00:06]} 26. Raf1 {[%clk
00:43:41]} {[%emt 00:00:59]} Rg7 {[%clk 00:43:34]} {[%emt 00:00:43]} 27. Rg4
{[%clk 00:36:55]} {[%emt 00:07:15]} Rff7 {[%clk 00:42:13]} {[%emt 00:01:51]}
28. Rff4 {[%clk 00:33:17]} {[%emt 00:04:08]} h5 {[%clk 00:36:39]} {[%emt
00:06:04]} 29. Rxd4 {[%clk 00:22:39]} {[%emt 00:11:08]} hxg4 {[%clk 00:22:04]}
{[%emt 00:15:05]} 30. Rxd5 {[%clk 00:22:56]} {[%emt 00:00:13]} exd5 {[%clk
00:22:06]} {[%emt 00:00:28]} 31. Nd6 {[%clk 00:18:33]} {[%emt 00:04:52]} Re7
{[%clk 00:22:21]} {[%emt 00:00:15]} 32. Qf2 {[%clk 00:18:34]} {[%emt 00:00:29]}
Re6 {[%clk 00:22:22]} {[%emt 00:00:29]} 33. Nf5 {[%clk 00:18:30]} {[%emt
00:00:34]} Rg5 {[%clk 00:21:09]} {[%emt 00:01:44]} 34. Nd4 {[%clk 00:17:55]}
{[%emt 00:01:04]} Re8 {[%clk 00:21:20]} {[%emt 00:00:19]} 35. g3 {[%clk
00:17:38]} {[%emt 00:00:47]} Kf7 {[%clk 00:20:35]} {[%emt 00:01:16]} 36. b4
{[%clk 00:12:46]} {[%emt 00:05:22]} Rge5 {[%clk 00:18:30]} {[%emt 00:02:35]}
37. Qf4 {[%clk 00:10:03]} {[%emt 00:03:13]} Bb5 {[%clk 00:18:10]} {[%emt
00:00:50]} 38. Qxg4 {[%clk 00:07:42]} {[%emt 00:02:51]} Bxd3 {[%clk 00:18:01]}
{[%emt 00:00:39]} 39. Kg2 {[%clk 00:07:55]} {[%emt 00:00:17]} Bg6 {[%clk
00:17:57]} {[%emt 00:00:33]} 40. h4 {[%clk 00:05:55]} {[%emt 00:02:31]} R8e7
{[%clk 00:16:23]} {[%emt 00:02:04]} 41. Qd1 {[%clk 00:01:21]} {[%emt 00:05:03]}
Re1 {[%clk 00:15:38]} {[%emt 00:01:16]} 42. Qb3 {[%clk 00:00:59]} {[%emt
00:00:51]} Be4+ {[%clk 00:14:16]} {[%emt 00:01:53]} 43. Kf2 {[%clk 00:29:53]}
{[%emt 00:01:35]} Rh1 {[%clk 00:43:13]} {[%emt 00:01:33]} 44. Qc3 {[%clk
00:26:18]} {[%emt 00:04:05]} Rd1 {[%clk 00:41:47]} {[%emt 00:01:56]} 45. Ke2
{[%clk 00:25:21]} {[%emt 00:01:28]} Rd3 {[%clk 00:41:35]} {[%emt 00:00:42]} 46.
Qxd3 {[%clk 00:23:20]} {[%emt 00:02:30]} Bxd3+ {[%clk 00:41:59]} {[%emt
00:00:06]} 47. Kxd3 {[%clk 00:23:44]} {[%emt 00:00:06]} Re4 {[%clk 00:41:53]}
{[%emt 00:00:37]} 48. b5 {[%clk 00:23:38]} {[%emt 00:00:37]} axb5 {[%clk
00:42:06]} {[%emt 00:00:16]} 49. b3 {[%clk 00:20:34]} {[%emt 00:03:34]} Rg4
{[%clk 00:42:14]} {[%emt 00:00:22]} 50. Nxb5 {[%clk 00:20:43]} {[%emt
00:00:22]} Rxg3+ {[%clk 00:42:33]} {[%emt 00:00:10]} 51. Kd4 {[%clk 00:20:50]}
{[%emt 00:00:23]} Rxb3 {[%clk 00:42:53]} {[%emt 00:00:10]} 52. Kc5 {[%clk
00:21:13]} {[%emt 00:00:07]} f5 {[%clk 00:42:46]} {[%emt 00:00:37]} 53. Nd4
{[%clk 00:21:34]} {[%emt 00:00:09]} Ra3 {[%clk 00:43:07]} {[%emt 00:00:08]} 54.
Kb4 {[%clk 00:21:00]} {[%emt 00:01:05]} Ra1 {[%clk 00:42:28]} {[%emt 00:01:08]}
55. Nxf5 {[%clk 00:21:10]} {[%emt 00:00:21]} Ke6 {[%clk 00:42:46]} {[%emt
00:00:11]} 56. Nd4+ {[%clk 00:21:22]} {[%emt 00:00:18]} Ke5 {[%clk 00:43:05]}
{[%emt 00:00:11]} 57. Nf3+ {[%clk 00:21:05]} {[%emt 00:00:48]} Ke4 {[%clk
00:43:19]} {[%emt 00:00:16]} 58. Nd2 {[%clk 00:21:21]} {[%emt 00:00:14]} Ke3
{[%clk 00:43:35]} {[%emt 00:00:13]} 59. Nb3 {[%clk 00:21:42]} {[%emt 00:00:10]}
Rh1 {[%clk 00:43:46]} {[%emt 00:00:18]} 60. Kb5 {[%clk 00:22:01]} {[%emt
00:00:12]} Rb1 {[%clk 00:43:52]} {[%emt 00:00:24]} 61. Kb4 {[%clk 00:22:16]}
{[%emt 00:00:15]} d4 {[%clk 00:44:12]} {[%emt 00:00:09]} 62. h5 {[%clk
00:22:37]} {[%emt 00:00:09]} d3 {[%clk 00:44:26]} {[%emt 00:00:16]} 63. h6
{[%clk 00:23:02]} {[%emt 00:00:06]} d2 {[%clk 00:44:39]} {[%emt 00:00:17]} 64.
h7 {[%clk 00:23:26]} {[%emt 00:00:06]} Rh1 {[%clk 00:44:54]} {[%emt 00:00:14]}
0-1

[Event "DEM U12 2024"]
[Site "Willingen GER"]
[Date "2024.05.24"]
[Round "8"]
[White "Peglau, Paul David"]
[Black "Rodriguez Klasen, Ennio"]
[Result "1/2-1/2"]
[Termination "normal"]
[Board "4"]
[WhiteElo "1807"]
[BlackElo "1803"]
[WhiteClock "00:07:38"]
[BlackClock "00:04:09"]
[PlyCount "107"]
[WhiteFideId "16290550"]
[BlackFideId "16277414"]
[EventCountry "GER"]
[EventRounds "9"]
[EventType "swiss"]
[EventDate "2024.05.18"]

1. e4 {[%clk 01:30:58]} {[%emt 00:00:02]} c5 {[%clk 01:30:56]} {[%emt
00:00:05]} 2. Nf3 {[%clk 01:31:23]} {[%emt 00:00:05]} Nc6 {[%clk 01:31:20]}
{[%emt 00:00:06]} 3. g3 {[%clk 01:29:48]} {[%emt 00:02:04]} d6 {[%clk
01:30:54]} {[%emt 00:00:56]} 4. Bg2 {[%clk 01:29:58]} {[%emt 00:00:20]} Nf6
{[%clk 01:30:39]} {[%emt 00:00:46]} 5. d3 {[%clk 01:28:10]} {[%emt 00:02:17]}
g6 {[%clk 01:29:31]} {[%emt 00:01:38]} 6. O-O {[%clk 01:28:13]} {[%emt
00:00:27]} Bg7 {[%clk 01:29:58]} {[%emt 00:00:03]} 7. Nc3 {[%clk 01:27:21]}
{[%emt 00:01:23]} O-O {[%clk 01:29:34]} {[%emt 00:00:54]} 8. h3 {[%clk
01:24:50]} {[%emt 00:03:00]} a6 {[%clk 01:25:26]} {[%emt 00:04:38]} 9. a4
{[%clk 01:22:55]} {[%emt 00:02:26]} Rb8 {[%clk 01:22:37]} {[%emt 00:03:18]} 10.
Nd2 {[%clk 01:15:16]} {[%emt 00:08:09]} Nh5 {[%clk 01:15:06]} {[%emt 00:08:00]}
11. Kh2 {[%clk 01:02:21]} {[%emt 00:13:26]} Nd4 {[%clk 01:02:54]} {[%emt
00:12:42]} 12. f4 {[%clk 00:57:04]} {[%emt 00:05:47]} e5 {[%clk 00:50:17]}
{[%emt 00:13:08]} 13. Nf3 {[%clk 00:50:16]} {[%emt 00:07:17]} exf4 {[%clk
00:42:16]} {[%emt 00:08:31]} 14. gxf4 {[%clk 00:46:49]} {[%emt 00:03:56]} Nxf3+
{[%clk 00:36:38]} {[%emt 00:06:09]} 15. Qxf3 {[%clk 00:38:43]} {[%emt
00:08:36]} f5 {[%clk 00:28:54]} {[%emt 00:08:14]} 16. Ne2 {[%clk 00:28:20]}
{[%emt 00:10:53]} Bd7 {[%clk 00:22:57]} {[%emt 00:06:27]} 17. Ng3 {[%clk
00:22:30]} {[%emt 00:06:20]} Nxg3 {[%clk 00:20:56]} {[%emt 00:02:31]} 18. Qxg3
{[%clk 00:22:18]} {[%emt 00:00:41]} Bc6 {[%clk 00:19:16]} {[%emt 00:02:10]} 19.
c3 {[%clk 00:16:00]} {[%emt 00:06:49]} Qd7 {[%clk 00:18:31]} {[%emt 00:01:15]}
20. a5 {[%clk 00:14:12]} {[%emt 00:02:19]} Rbe8 {[%clk 00:15:54]} {[%emt
00:03:06]} 21. Re1 {[%clk 00:14:11]} {[%emt 00:00:31]} c4 {[%clk 00:13:45]}
{[%emt 00:02:40]} 22. Bd2 {[%clk 00:13:04]} {[%emt 00:01:36]} cxd3 {[%clk
00:12:23]} {[%emt 00:01:52]} 23. Qxd3 {[%clk 00:13:21]} {[%emt 00:00:13]} fxe4
{[%clk 00:12:34]} {[%emt 00:00:19]} 24. Bxe4 {[%clk 00:12:39]} {[%emt
00:01:12]} d5 {[%clk 00:10:55]} {[%emt 00:02:08]} 25. Bg2 {[%clk 00:11:52]}
{[%emt 00:01:17]} Qd6 {[%clk 00:08:46]} {[%emt 00:02:40]} 26. Rxe8 {[%clk
00:08:00]} {[%emt 00:04:22]} Rxe8 {[%clk 00:09:15]} {[%emt 00:00:01]} 27. Rf1
{[%clk 00:07:27]} {[%emt 00:01:03]} Rd8 {[%clk 00:08:07]} {[%emt 00:01:38]} 28.
Qg3 {[%clk 00:06:25]} {[%emt 00:01:32]} Rf8 {[%clk 00:07:13]} {[%emt 00:01:24]}
29. Kh1 {[%clk 00:03:36]} {[%emt 00:03:19]} d4 {[%clk 00:04:24]} {[%emt
00:03:19]} 30. cxd4 {[%clk 00:03:04]} {[%emt 00:01:02]} Qxd4 {[%clk 00:02:14]}
{[%emt 00:02:40]} 31. Bc3 {[%clk 00:02:55]} {[%emt 00:00:39]} Bxg2+ {[%clk
00:01:25]} {[%emt 00:01:19]} 32. Qxg2 {[%clk 00:03:20]} {[%emt 00:00:05]} Qd7
{[%clk 00:01:31]} {[%emt 00:00:24]} 33. Bxg7 {[%clk 00:03:24]} {[%emt
00:00:26]} Qxg7 {[%clk 00:00:47]} {[%emt 00:01:13]} 34. Qd2 {[%clk 00:01:57]}
{[%emt 00:01:58]} Qc7 {[%clk 00:00:39]} {[%emt 00:00:39]} 35. b4 {[%clk
00:01:28]} {[%emt 00:00:58]} Qc4 {[%clk 00:00:43]} {[%emt 00:00:26]} 36. Rf2
{[%clk 00:00:49]} {[%emt 00:01:09]} Qc6+ {[%clk 00:00:39]} {[%emt 00:00:34]}
37. Kh2 {[%clk 00:01:09]} {[%emt 00:00:10]} Qc7 {[%clk 00:00:44]} {[%emt
00:00:26]} 38. Kg3 {[%clk 00:00:39]} {[%emt 00:00:59]} Rd8 {[%clk 00:00:37]}
{[%emt 00:00:36]} 39. Qc2 {[%clk 00:00:35]} {[%emt 00:00:35]} Qxc2 {[%clk
00:00:38]} {[%emt 00:00:29]} 40. Rxc2 {[%clk 00:01:04]} {[%emt 00:00:01]} Rd7
{[%clk 00:00:43]} {[%emt 00:00:25]} 41. Rc5 {[%clk 00:28:20]} {[%emt 00:03:14]}
Kf7 {[%clk 00:25:50]} {[%emt 00:05:22]} 42. b5 {[%clk 00:22:08]} {[%emt
00:06:43]} axb5 {[%clk 00:23:34]} {[%emt 00:02:47]} 43. Rxb5 {[%clk 00:22:14]}
{[%emt 00:00:24]} h6 {[%clk 00:17:35]} {[%emt 00:06:28]} 44. Kg4 {[%clk
00:21:05]} {[%emt 00:01:40]} Rc7 {[%clk 00:14:07]} {[%emt 00:03:57]} 45. h4
{[%clk 00:20:41]} {[%emt 00:00:53]} Kf6 {[%clk 00:10:05]} {[%emt 00:04:32]} 46.
h5 {[%clk 00:16:35]} {[%emt 00:04:37]} gxh5+ {[%clk 00:08:10]} {[%emt
00:02:25]} 47. Kxh5 {[%clk 00:15:26]} {[%emt 00:01:39]} Rc4 {[%clk 00:06:56]}
{[%emt 00:01:44]} 48. Kg4 {[%clk 00:13:39]} {[%emt 00:02:17]} Rc7 {[%clk
00:06:37]} {[%emt 00:00:48]} 49. Rb6+ {[%clk 00:11:54]} {[%emt 00:02:15]} Kg7
{[%clk 00:06:38]} {[%emt 00:00:30]} 50. f5 {[%clk 00:10:56]} {[%emt 00:01:28]}
Rd7 {[%clk 00:04:43]} {[%emt 00:02:25]} 51. f6+ {[%clk 00:07:43]} {[%emt
00:03:43]} Kf7 {[%clk 00:04:00]} {[%emt 00:01:13]} 52. Kh5 {[%clk 00:06:54]}
{[%emt 00:01:19]} Rd5+ {[%clk 00:03:52]} {[%emt 00:00:38]} 53. Kxh6 {[%clk
00:07:17]} {[%emt 00:00:06]} Rxa5 {[%clk 00:04:09]} {[%emt 00:00:13]} 54. Rxb7+
{[%clk 00:07:38]} {[%emt 00:00:09]} 1/2-1/2

[Event "DEM U12 2024"]
[Site "Willingen GER"]
[Date "2024.05.24"]
[Round "8"]
[White "Hoppe, Arthur"]
[Black "Levytskyi, Oleksandr"]
[Result "1-0"]
[Termination "normal"]
[Board "11"]
[WhiteElo "1860"]
[BlackElo "1472"]
[WhiteClock "00:43:52"]
[BlackClock "00:22:51"]
[PlyCount "49"]
[WhiteFideId "34618910"]
[BlackFideId "21084122"]
[EventCountry "GER"]
[EventRounds "9"]
[EventType "swiss"]
[EventDate "2024.05.18"]

1. e4 {[%clk 01:30:41]} {[%emt 00:00:18]} e5 {[%clk 01:30:38]} {[%emt
00:00:24]} 2. Nf3 {[%clk 01:31:02]} {[%emt 00:00:08]} Nc6 {[%clk 01:29:09]}
{[%emt 00:01:59]} 3. Bc4 {[%clk 01:31:24]} {[%emt 00:00:07]} Bc5 {[%clk
01:26:19]} {[%emt 00:03:20]} 4. c3 {[%clk 01:31:35]} {[%emt 00:00:19]} Nf6
{[%clk 01:26:44]} {[%emt 00:00:06]} 5. d3 {[%clk 01:32:01]} {[%emt 00:00:04]}
O-O {[%clk 01:26:48]} {[%emt 00:00:25]} 6. O-O {[%clk 01:32:24]} {[%emt
00:00:08]} h6 {[%clk 01:26:39]} {[%emt 00:00:39]} 7. a4 {[%clk 01:32:46]}
{[%emt 00:00:08]} d5 {[%clk 01:26:45]} {[%emt 00:00:24]} 8. exd5 {[%clk
01:33:04]} {[%emt 00:00:11]} Nxd5 {[%clk 01:27:09]} {[%emt 00:00:07]} 9. Re1
{[%clk 01:33:30]} {[%emt 00:00:04]} Nb6 {[%clk 01:20:18]} {[%emt 00:07:20]} 10.
Ba2 {[%clk 01:31:02]} {[%emt 00:02:59]} a5 {[%clk 01:20:04]} {[%emt 00:00:44]}
11. Be3 {[%clk 01:28:42]} {[%emt 00:02:49]} Bd6 {[%clk 01:15:47]} {[%emt
00:04:48]} 12. Bxb6 {[%clk 01:28:23]} {[%emt 00:00:49]} cxb6 {[%clk 01:16:09]}
{[%emt 00:00:08]} 13. h3 {[%clk 01:26:56]} {[%emt 00:01:56]} Qf6 {[%clk
01:08:39]} {[%emt 00:08:01]} 14. Nbd2 {[%emt 00:12:11]} Bc7 {[%clk 01:05:29]}
{[%emt 00:03:39]} 15. Ne4 {[%clk 01:07:23]} {[%emt 00:08:22]} Qe7 {[%clk
00:59:42]} {[%emt 00:06:18]} 16. d4 {[%clk 00:57:11]} {[%emt 00:10:42]} exd4
{[%clk 00:50:40]} {[%emt 00:09:33]} 17. Neg5 {[%clk 00:44:02]} {[%emt
00:13:38]} Qd8 {[%clk 00:44:26]} {[%emt 00:06:44]} 18. Nxf7 {[%clk 00:42:23]}
{[%emt 00:02:09]} Rxf7 {[%clk 00:44:13]} {[%emt 00:00:42]} 19. Qb3 {[%clk
00:42:43]} {[%emt 00:00:11]} Be6 {[%clk 00:32:48]} {[%emt 00:11:56]} 20. Qxe6
{[%clk 00:42:55]} {[%emt 00:00:17]} Qf6 {[%clk 00:32:45]} {[%emt 00:00:33]} 21.
Qxf6 {[%clk 00:43:12]} {[%emt 00:00:13]} gxf6 {[%clk 00:33:07]} {[%emt
00:00:09]} 22. Nxd4 {[%clk 00:43:02]} {[%emt 00:00:40]} Nxd4 {[%clk 00:32:24]}
{[%emt 00:01:12]} 23. Re7 {[%clk 00:43:19]} {[%emt 00:00:14]} Raf8 {[%clk
00:22:41]} {[%emt 00:10:12]} 24. cxd4 {[%clk 00:43:40]} {[%emt 00:00:08]} Bd8
{[%clk 00:22:51]} {[%emt 00:00:21]} 25. Rd7 {[%clk 00:43:52]} {[%emt 00:00:18]}
1-0